000 00979nam a2200253 i 4500
001 bg
245 0 0 _aLaboratorium wytrzymałości materiałów :
_bpraca zbiorowa /
_cpod red. Ryszarda Grądzkiego ; ćwicz. oprac. Andrzej Młotkowski [et al.].
260 _aŁódź :
_bOficyna Księgarsko-Wydawnicza "Horyzont",
_c2002.
300 _a130, [3] s. :
_bil. (w tym kolor.) ;
_c24 cm.
490 1 _aSeria Wydawnictw Dydaktycznych Wydziału Organizacji i Zarządzania Politechniki Łódzkiej
650 9 _aWytrzymałość materiałów
655 _aĆwiczenia i zadania dla szkół wyższych
700 1 _aGrądzki, Ryszard.
700 1 _aMłotkowski, Andrzej.
830 _aSeria Wydawnictw Dydaktycznych Wydziału Organizacji i Zarządzania Politechniki Łódzkiej
020 _a8391790606
040 _cBPK
041 0 _apol
044 _aPOL
080 _a620.17:539.4(076)
920 _a83-917906-0-6
942 _cKS
008 s pl f |000 0 pol
999 _c54081
_d54081
856 _uhttp://koha.tu.koszalin.pl/cgi-bin/koha/opac-detail.pl?biblionumber=54081
_yKatalog online BPK